| 000 | 00595nam a2200217Ia 4500 | ||
|---|---|---|---|
| 003 | OSt | ||
| 005 | 20250918125431.0 | ||
| 008 | 210719s2003 xx 000 0 und d | ||
| 040 | _cAL | ||
| 041 | _aTulu | ||
| 082 | _aT894.1 DAYP | ||
| 100 |
_aDaya (Sa) _dದಯಾ ಸಾ _9239397 |
||
| 245 |
_aPosa bolpu _bಪೊಸ ಬೊಲ್ಪು |
||
| 260 |
_aDombivili _c2003 |
||
| 300 |
_a63 _bPB |
||
| 365 |
_b50 _cRs |
||
| 650 |
_aTulu Poetry _9239398 |
||
| 650 |
_a ಕಬಿತೆಲೆ ಕಟ್ಟ್ Kabitele katt _9239399 |
||
| 906 | _abolpu ; Kabitele ; katt ; Posa | ||
| 942 |
_2ddc _cBK |
||
| 999 |
_c214926 _d214926 |
||